| 000 | 00957nam a22002537a 4500 | ||
|---|---|---|---|
| 003 | BUBTL | ||
| 008 | 230110b ||||| |||| 00| 0 eng d | ||
| 020 | _a9780393952452 | ||
| 082 | _a821.1/ C3931c/ 1989 | ||
| 100 |
_95160 _aChaucer, Geoffrey |
||
| 245 |
_aThe Canterbury tales : nine tales and the general prologue : _bauthoritative text, sources and backgrounds, criticism/ _cGeoffrey Chaucer |
||
| 250 | _a1st Edn | ||
| 260 |
_aNew York: _b W W Norton & Co Inc, _cc1989 |
||
| 300 |
_axvii, 552 p.: _c22 cm. |
||
| 440 |
_95161 _aA Norton Critical Edition |
||
| 500 | _aIncludes Bibliography | ||
| 505 | _aThe Canterbury tales : nine tales and the general prologue, authoritative text, sources and backgrounds, criticism, Geoffrey Chaucer, English | ||
| 650 | 0 |
_91994 _aEnglish Literature |
|
| 700 |
_95162 _aKolve, V. A. |
||
| 700 |
_95163 _aOlson, Glending |
||
| 856 |
_k0 _l0 _yDownload |
||
| 942 |
_2ddc _cBK |
||
| 999 |
_c6915 _d6915 |
||